00553nam a2200205Ia 4500003000400000005001700004008004100021020001500062040001800077041000800095082002000103100001900123245006900142250001200211260004200223300002500265650002300290650001600313650001800329OSt20260116085426.0210716s2003 xx 000 0 und d a8177223038 cAIMIT LIBRARY aeng a006.6 21bLOJM aLojkine, Mary. aWeb graphics: in easy steps /bin easy steps /cBy Mary Lojkine. a1st ed. aNew Delhi :bDreamtech Press ,c2003. a192p. ;bPBc24.1 cm aWeb-page furniture aPage layout aAnimated GIFs